000 00856nam a2200265Ia 4500
001 22020
005 20260320113334.0
008 260320s9999||||xx |||||||||||||| ||und||
020 _a9786123255848
041 _aESP
082 _a341
_bF42
100 _aChávez-Fernández Postigo, José,
_eAUT
245 0 _aDignidad y argumentación jurídica :
_bun diálogo entre tradiciones iusfilosóficas
246 _a
_5
_b
250 _aPrimera edición
260 _aLima :
_bPalestra Editores,
_c2025
300 _a306 páginas :
_b
_c21 cm.
_e
440 _a
_n
_v
650 _aCIS
653 _aDerecho - Filosofía; Derechos fundamentales; Dignidad; Lógica jurídica
654 _aDER
700 _a
_c
856 _uhttps://0u214nksq-y-https-app-vlex-com.itmsp.museknowledge.com/
_zVéase además: Base de datos Vlex
942 _cLIB
_dJUS
_fMAT
_2ddc
_n
999 _c22020
_d22020